Modern information retrieval (Record no. 183625)

000 -LEADER
fixed length control field 00386nam a2200121Ia 4500
008 - FIXED-LENGTH DATA ELEMENTS--GENERAL INFORMATION
fixed length control field 220217s9999||||xx |||||||||||||| ||und||
020 ## - INTERNATIONAL STANDARD BOOK NUMBER
International Standard Book Number 9788131709771
100 ## - MAIN ENTRY--PERSONAL NAME
Personal name Baeza Yates, Richardo and Ribiero Neto, Berthier
245 #0 - TITLE STATEMENT
Title Modern information retrieval
260 ## - PUBLICATION, DISTRIBUTION, ETC.
Place of publication, distribution, etc. Pearson education of asia
Name of publisher, distributor, etc. New Delhi
Date of publication, distribution, etc. 2012
300 ## - PHYSICAL DESCRIPTION
Extent , 513p.
Other physical details 499
650 ## - SUBJECT ADDED ENTRY--TOPICAL TERM
Topical term or geographic name entry element INFORMATION SCIENCE
9 (RLIN) 1300
Holdings
Withdrawn status Lost status Damaged status Not for loan Home library Current library Shelving location Date acquired Barcode Date last seen Price effective from Koha item type
        Central Library Central Library Book Cart 02/18/2022 18814 02/18/2022 02/18/2022 Books

Powered by Koha